• 首页
  • 本馆介绍
  • 公告通知
  • 最新文献
  • 馆藏检索
  • 电子资源
  • 读者导购
  • 参考咨询
  • 我的图书馆
  • 登录
  • 详细信息显示
  • 放入我的书架
  • 预约/预借图书
  • 作者相关作品
  • 分类相关作品
  • 丛书相关作品
  • 出版社相关作品

书目信息

  • 表格格式
  • 工作单格式
  • 卡片格式
题名:
中国人口分析
    
 
作者: 曾毅 著
分册:  
出版信息: 北京   北京大学出版社  2004
页数: 444页
开本: 23cm
丛书名: 北京大学中国经济研究中心研究系列
单 册:
中图分类: C924.24
科图分类:
主题词: 人口--研究--中国 , 人口
电子资源:
ISBN: 7-301-07713-0
000 00834oam2 2200265 450
001 012007986719
005 20070716153448.31
010    @a7-301-07713-0@dCNY42.00
100    @a20070714d2004 km y0chiy0120 ea
101 0  @achi
102    @aCN@b110000
105    @ay z 000yy
106    @ar
200 1  @a中国人口分析@Azhong guo ren kou fen xi@f曾毅著@Fceng yi zhu
210    @a北京@c北京大学出版社@d2004
215    @a444页@d23cm
225 2  @a北京大学中国经济研究中心研究系列
330    @a本书汇集了作者在人口研究方面的主要学术论文。涉及人口经济分析、中国人口老龄化、养老保障、生育、人口动态等诸多方面。
461  0 @12001 @a北京大学中国经济研究中心研究系列
606 0  @a人口@x研究@y中国
606 0  @a人口
690    @aC924.24@v4
701  0 @a曾毅@Aceng yi@4著
801  0 @aCN@bRULIN@c20070716
905    @dC924.24@e66@s4
    
    中国人口分析/曾毅著.-北京:北京大学出版社,2004
    444页;23cm.-(北京大学中国经济研究中心研究系列)
    
    
    ISBN 7-301-07713-0:CNY42.00
    本书汇集了作者在人口研究方面的主要学术论文。涉及人口经济分析、中国人口老龄化、养老保障、生育、人口动态等诸多方面。
●
相关链接 在E读中查询图书 在五车中查询图书 在当当中查询图书 在豆瓣中查询图书


正题名:中国人口分析     索取号:C924.24/66         预约/预借

序号 登录号 条形码 馆藏地/架位号 状态 备注
1 0583556   205835569   第一样本阅览室/ [索取号:C924.24/66] 在馆    
2 0583557   205835578   第一借阅区/ [索取号:C924.24/66] 在馆    
3 0583558   205835587   第一借阅区/ [索取号:C924.24/66] 在馆    
4 0583559   205835596   第一借阅区/ [索取号:C924.24/66] 在馆    
唐山师范学院图书馆 欢迎您!
大连网信软件有限公司© 版权所有